Podział Administracyjny Jamajki - Statystyki

Ogólne statystyki
  • Ten quiz został rozwiązany 5 razy
  • Średni wynik to 2 z 17
Statystyki odpowiedzi
Podział Administracyjny Jamajki Hrabstwo lub Region Jamajki % Poprawnych
Region Kingston
50%
Region Portland
50%
Region Saint Andrew
25%
Region Saint Elizabeth
25%
Region Clarendon
0%
Hrabstwo Cornwall
0%
Region Hanover
0%
Region Manchester
0%
Hrabstwo Middlesex
0%
Region Saint Ann
0%
Region Saint Catherine
0%
Region Saint James
0%
Region Saint Mary
0%
Region Saint Thomas
0%
Hrabstwo Surrey
0%
Region Trelawny
0%
Region Westmoreland
0%
Nie znaleziono quizów pasujących do podanych kryteriów
Rozkład punktacji
Procent ludzi z każdym wynikiem
Percentyl według liczby udzielonych odpowiedzi
Twoja historia wyników
Nie rozwiązałeś tego quizu